000
00358nam a2200133Ia 4500
008
151001s9999||||xx |||||||||||||| ||und||
100
_a
दुर्गा - भागवत
245
_a
ॠतूचक्र
250
_a
4
260
_b
पॉप्युलर प्रकाशन मुंबई
260
_c
1973
300
_a
117
365
_b
18
999
_c
957212
_d
957209